hindi sahity ka itihos (Record no. 6983)

MARC details
000 -LEADER
fixed length control field 00527cam a2200217ua 4500
001 - CONTROL NUMBER
control field 7868
005 - DATE AND TIME OF LATEST TRANSACTION
control field 20260515114249.0
008 - FIXED-LENGTH DATA ELEMENTS--GENERAL INFORMATION
fixed length control field 141229n ii |||gr||||Z||||||hin
040 ## - CATALOGING SOURCE
Transcribing agency MAIN
041 ## - LANGUAGE CODE
Language code of text/sound track or separate title hin
082 ## - DEWEY DECIMAL CLASSIFICATION NUMBER
Classification number 891.43
100 ## - MAIN ENTRY--PERSONAL NAME
Personal name Sudhakar,
Relator term Author.
245 1# - TITLE STATEMENT
Title hindi sahity ka itihos
Statement of responsibility, etc. By Sudhakar
250 ## - EDITION STATEMENT
Edition statement 1st.
260 ## - PUBLICATION, DISTRIBUTION, ETC.
Place of publication, distribution, etc. Agra:
Name of publisher, distributor, etc. Harish,
Date of publication, distribution, etc. 1992.
300 ## - PHYSICAL DESCRIPTION
Extent 328p.
653 ## - INDEX TERM--UNCONTROLLED
Uncontrolled term East Indo-European & Celtic literatures
653 ## - INDEX TERM--UNCONTROLLED
Uncontrolled term Hindi literature
700 ## - ADDED ENTRY--PERSONAL NAME
Personal name Shakuntala,
Relator term Author.
942 ## - ADDED ENTRY ELEMENTS (KOHA)
Koha item type Books
Holdings
Withdrawn status Lost status Damaged status Not for loan Home library Current library Shelving location Date acquired Total checkouts Full call number Barcode Date last seen Date last checked out Copy number Price effective from Koha item type
        Naharkatiya College Library Naharkatiya College Library General stacks 09/19/2020 1 891.43 | SUD 6945 09/27/2022 09/26/2022 2 09/19/2020 Books
        Naharkatiya College Library Naharkatiya College Library General stacks 09/19/2020 1 891.43 | SUD 6946 10/14/2022 10/10/2022 1 09/19/2020 Books